| 000 | 00766na a2200241 4500 | ||
|---|---|---|---|
| 001 | 17611 | ||
| 003 | MIRAKIL | ||
| 005 | 20181213154736.0 | ||
| 008 | 161031b tu 000 0 | ||
| 040 |
_aMilas _btur _cTR-AnCHP |
||
| 041 | _atur | ||
| 082 |
_a336.293 _bT36a 1978 |
||
| 090 | _a336.293 T36a 1978 | ||
| 100 | _aTekin, Fazıl | ||
| 245 |
_aArtanoranlılık ve Türk gelir vergisindeki uygulaması _cFazıl Tekin |
||
| 260 |
_aEskişehir _bİktisadi ve Ticari İlimler Akademisi _c1978 |
||
| 300 |
_a179 s. _btbl. _c23 sm. |
||
| 440 |
_aEskişahir İktisadi ve Ticari İlimler Akademisi Yayınları _v192/122 |
||
| 504 | _aKaynakça var. | ||
| 650 |
_aArtan oranlı vergi _zTürkiye |
||
| 650 |
_aVergilendirme _xUygulamalar _zTürkiye |
||
| 942 |
_2ddc _cBKS |
||
| 999 |
_c168 _d168 |
||